Rocket League Paint Types - Statistics

General Stats
  • This quiz has been taken 1,037 times
  • The average score is 10 of 12
Answer Stats
Paint Answer % Correct
- Black
91%
- Titanium White
91%
- Crimson
89%
- Sky Blue
87%
- Forest Green
84%
- Purple
82%
- Lime
81%
- Cobalt
80%
- Orange
80%
- Pink
78%
- Grey
74%
- Burnt Sienna
71%
No matching quizzes found
Score Distribution
Percent of People with Each Score
Percentile by Number Answered
Your Score History
You have not taken this quiz